Principles of Economics (Record no. 122724)
[ view plain ]
| 000 -LEADER | |
|---|---|
| fixed length control field | 00541nam a22001937a 4500 |
| 008 - FIXED-LENGTH DATA ELEMENTS--GENERAL INFORMATION | |
| fixed length control field | 150421b xxu||||| |||| 00| 0 eng d |
| 020 ## - INTERNATIONAL STANDARD BOOK NUMBER | |
| International Standard Book Number | 9780077132736 |
| 050 ## - LIBRARY OF CONGRESS CALL NUMBER | |
| Classification number | HB171.5.M136 2012 |
| 100 ## - MAIN ENTRY--PERSONAL NAME | |
| Personal name | McDowell, Moore |
| 9 (RLIN) | 17386 |
| 245 ## - TITLE STATEMENT | |
| Title | Principles of Economics |
| 250 ## - EDITION STATEMENT | |
| Edition statement | 3rd European Edition |
| 260 ## - PUBLICATION, DISTRIBUTION, ETC. (IMPRINT) | |
| Place of publication, distribution, etc | London |
| Name of publisher, distributor, etc | McGraw-Hill |
| Date of publication, distribution, etc | 2012 |
| 300 ## - PHYSICAL DESCRIPTION | |
| Extent | 758p. |
| Dimensions | 27cm. |
| 700 ## - ADDED ENTRY--PERSONAL NAME | |
| Personal name | Thom, Rodney |
| 9 (RLIN) | 17387 |
| 700 ## - ADDED ENTRY--PERSONAL NAME | |
| Personal name | Patine, Ivan |
| 9 (RLIN) | 17388 |
| 700 ## - ADDED ENTRY--PERSONAL NAME | |
| Personal name | Frank, Robert |
| 9 (RLIN) | 17389 |
| 700 ## - ADDED ENTRY--PERSONAL NAME | |
| Personal name | Bernanke, Ben |
| 9 (RLIN) | 17390 |
| 942 ## - ADDED ENTRY ELEMENTS (KOHA) | |
| Source of classification or shelving scheme | Library of Congress Classification |
| Item type | Monograph ( Printed materials) |
| Koha issues (borrowed), all copies | 1 |
| Withdrawn status | Lost status | Source of classification or shelving scheme | Damaged status | Not for loan | Home library | Current library | Date acquired | Total Checkouts | Full call number | Barcode | Date last seen | Date last borrowed | Price effective from | Koha item type |
|---|---|---|---|---|---|---|---|---|---|---|---|---|---|---|
| Library of Congress Classification | ARRUPE LIBRARY | ARRUPE LIBRARY | 21/04/2015 | 4 | HB171.5.M136 2012 | 464123288 | 14/05/2025 | 05/09/2024 | 21/04/2015 | Monograph ( Printed materials) |